000 01283cam a22003974a 4500
001 muse78499
003 MdBmJHUP
005 20210127151428.0
006 m o d
007 cr||||||||nn|n
008 740520s1967 mdu o 00 0 eng d
010 _z 67012423
020 _a9781421435503
020 _z9781421435497
035 _a(OCoLC)1127561579
040 _aMdBmJHUP
_cMdBmJHUP
050 0 4 _aPT2603.R397
_bZ8864
100 1 _aSpalter, Max.
245 1 0 _aBrecht's Tradition
264 1 _bJohns Hopkins Press
264 3 _bProject MUSE,
300 _a1 online resource (xii, 271 p.) :
_billus.
504 _aBibliography: p. 263-268.
506 0 _aOpen Access
_fUnrestricted online access
_2star
588 _aDescription based on print version record.
600 1 1 _aBrecht, Bertolt,
_d1898-1956.
650 0 _aGerman drama
_xHistory and criticism.
655 7 _aElectronic books.
_2local
710 2 _aProject Muse.
_edistributor
830 0 _aBook collections on Project MUSE.
856 4 0 _zFull text available:
_uhttps://muse.jhu.edu/book/71586/
999 _c25748
_d25748